1766 1075 1779 1208 1543 1875 1611 1594 1778 1331 1139 1923 1894 1711 1937 1878 1232 1656 1652 1489 1251 1820 1391 1226 1650 1454 1861 1471 1004 1506 1292 1644 1336 1535 1163 1182 1387 1276 1416 1947 1060 1855 1778 1676 1508 1723 1565 1325 1666 1889 1884 1244 1073 1048 1022 1556 1397 1003 1737 1957 1861 1045 1046 1326 1230 1542 1287 1384 1307 1851 1429 1412 1817 1000 1095 1799 1637 1381 1214 1396 1923 1559 1725 1570 1375 1361 1828 1630 1188 1197 1587 1239 1840 1907 1327 1499 1240 1460 1000 BCNSPRNW ULIB Ver.6.0+V

เปลี่ยนเป็นภาษาไทย

Change to English
 แสดงรายละเอียดบรรณานุกรม
  กลับหน้าหลัก

Brief Record : Get Marc (ISO 2709) : E-mail record : QR code < ปิดหน้าต่าง
LEADER : 00000nam 2200000uu 4500
001    13399125720
003     ULIB
008    020711s2012 th a 000 0 eng d
020    9780702044366
060    WB115^bP276Q
100    Parveen Kumar
245    1000 Questions & Answers from Clinical Medicine (2nd) /^c Kumar Parveen J., M.D. (EDT) Clark Michael L., Dr., M.D. (EDT)
250    2nd ed
260    St.Luis :^bSaunders,^c2012
300    313 pages
650    Clinical Medicine
700    Michael Clark
945    ^p0^l0^i25288
รายการนี้ยังไม่มีแท็ก
คุณยังไม่ได้ล็อกอิน คุณสามารถมีกิจกรรมร่วมกับเว็บไซต์ได้ แต่ต้องล็อกอินก่อน ::
  ล็อกอิน

รายการสื่อสารสนเทศ

ลำดับที่ ประเภท เลขเรียก/บาร์โค้ด สถานที่ สถานะ
1. วิทยาศาสตร์การแพทย์ และสุขภาพ
วิทยาศาสตร์การแพทย์ และสุขภาพ
WB115 P276Q ฉ.1 
  Barcode: 25288
ห้องสมุดวิทยาเขตนครสวรรค์
►หนังสือทั่วไป:l:General Books
บนชั้น

รายการใกล้เคียง
    หัวเรื่อง [Clinical Medicine]

BibComment


ยังไม่เคยถูกคอมเมนท์

คอมเมนท์ทรัพยากรรายการนี้
  คอมเมนท์: 1000 Questions A..


 Copyright 2026. Bcnsprnw @Library